000 004080000a22001330004500
090 _aAR
_b02786
245 1 0 _aTelaraña de la apropiación internacional de los recursos genéticos
650 1 4 _aAcceso a los recursos genéticos
_996210
650 1 4 _aRecursos genéticos silvestres
_996211
650 1 4 _aBiotecnología
_992825
041 0 _aEspañol
942 _cARTICULO
773 1 _tPreprint
_33
_q87-104
_d1992?
999 _c11847
_d11847